Manual de criminalística (Registro nro. 92282)

Detalles MARC
000 -ENCABEZADO
Número de control [NR] 01451nam a22002417a 4500
008 - DE LONGITUD FIJA DE DATOS DE ELEMENTOS - INFORMACIÓN GENERAL
Elementos de longitud fija [NR] 130821s2008 mx gr spa
020 ## - NUMERO INTERNACIONAL NORMALIZADO PARA LIBROS [R]
Número Internacional Normalizado del libro [NR] 9789681871079
Términos de disponibilidad [NR] Obra Completa
040 ## - FUENTE DE CATALOGACION [NR]
Agencia de catalogación original [NR] Co-BoUCM
Idioma de catalogación [NR] spa
041 00 - CODIGO DE IDIOMA [R]
Código de idioma para texto/pista de sonido o título separado [R] Español
100 1# - ASIENTO PRINCIPAL--NOMBRE PERSONAL [NR]
Nombre personal [NR] Montiel Sosa, Juventino
245 10 - MENCION DE TITULO [NR]
Título [NR] Manual de criminalística
Mención de responsabilidad, etc. [NR] Juventino Montiel Sosa.
260 ## - PUBLICACION, DISTRIBUCION, ETC. (PIE DE IMPRENTA) [R]
Lugar de publicación, distribución, etc. [R] México D.F. (México)
Nombre del editor, distribuidor, etc. [R] Ediciones Ciencia y Técnica
Fecha de publicación, distribución, etc. [R] 2008
300 ## - DESCRIPCION FISICA [R]
Extensión [R] 6volúmenes
504 ## - NOTA DE BIBLIOGRAFIA, ETC. [R]
Nota de bibliografía, etc. [NR]
505 0# - NOTA DE CONTENIDO CON FORMATO PREESTABLECIDO [R]
Nota de contenido con formato preestablecido [NR] V.1 : Capítulo 1 : Resumen histórico hasta capítulo 20 : Conceptos generales de la investigación crimininalística con análisis instrumental. -- V.2 : Capítulo 21 : El método científico y la criminalística hasta capítulo 28 : Dactilosocopia. -- V.3 : Capítulo 29 : La criminalística y la prueba pericial hasta capítulo 33 : Casuística criminalistica. -- V.4 : Capítulo 34 : Sistemas de identificación para restos humanos hasta capítulo 35 : La importancia de la criminalística y otras ciencias forenses en la identificación de restos humanos, con motivo de los terremotos ocurridos los días 19 y 20 de septiembre de 1985, en la ciudad de México.
650 04 - ASIENTO SECUNDARIO DE MATERIA - TERMINO TEMATICO [R]
Término temático o nombre geográfico como elemento de entrada [NR] Ciencias forenses
9 (RLIN) 10810
650 04 - ASIENTO SECUNDARIO DE MATERIA - TERMINO TEMATICO [R]
Término temático o nombre geográfico como elemento de entrada [NR] Criminología
9 (RLIN) 12152
650 04 - ASIENTO SECUNDARIO DE MATERIA - TERMINO TEMATICO [R]
Término temático o nombre geográfico como elemento de entrada [NR] Dactiloscopia
9 (RLIN) 12446
650 04 - ASIENTO SECUNDARIO DE MATERIA - TERMINO TEMATICO [R]
Término temático o nombre geográfico como elemento de entrada [NR] Derecho penal
9 (RLIN) 12805
650 04 - ASIENTO SECUNDARIO DE MATERIA - TERMINO TEMATICO [R]
Término temático o nombre geográfico como elemento de entrada [NR] Investigación criminal
9 (RLIN) 17980
942 ## - ELEMENTOS DE ENTRADA AGREGADOS (KOHA)
Tipo de ítem principal el descrito en 300a Libro de reserva
Sistema de clasificación DEWEY
Tema principal Derecho
Edición 1
Clasificación 363.25
Parte restante de la signatura top. M557m
Existencias
Fecha de último préstamo Total préstamos Signatura topográfica Código de barras Última vez visto Volúmen / Fascículo Ejemplar Price effective from Tipo de ítem Nota pública (OPAC) Perdido Sistema de clasificación Dañado No prestable Tipo de ítem específico Suprimido Ubicación habitual Ubicación actual Localización Fecha de creación Forma de adquisición Costo
27/08/2025 1 363.25 M557m 100099177 04/12/2025 V.1 Ej.1 03/02/2013 Libro Spot Criminología e Investigación Criminal   DEWEY     Libro   Claustro Claustro 3er piso 28/02/2013 Compra 48500.00
20/07/2009   363.25 M557m 100099178 04/12/2025 V.2 Ej.1 03/02/2013 Libro Spot Criminología e Investigación Criminal   DEWEY     Libro   Claustro Claustro 3er piso 28/02/2013 Compra 48500.00
20/07/2009   363.25 M557m 100099179 04/12/2025 V.3 Ej.1 03/02/2013 Libro Spot Criminología e Investigación Criminal   DEWEY     Libro   Claustro Claustro 3er piso 28/02/2013 Compra 48500.00
20/07/2009   363.25 M557m 100099180 04/12/2025 V.4 Ej.1 03/02/2013 Libro Spot Criminología e Investigación Criminal   DEWEY     Libro   Claustro Claustro 3er piso 28/02/2013 Compra 48500.00
20/07/2009   363.25 M557m 100099181 04/12/2025 V.5 Ej.1 03/02/2013 Libro Spot Criminología e Investigación Criminal   DEWEY     Libro   Claustro Claustro 3er piso 28/02/2013 Compra 48500.00
20/07/2009   363.25 M557m 100099182 04/12/2025 V.6 Ej.1 03/02/2013 Libro Spot Criminología e Investigación Criminal   DEWEY     Libro   Claustro Claustro 3er piso 28/02/2013 Compra 48500.00